Els trastàmares (Record no. 176221)

MARC details
000 -LEADER
campo de control de longitud fija 00799nam a22002415i 4500
001 - NÚMERO DE CONTROL
campo de control 176221
003 - IDENTIFICADOR DE NÚMERO DE CONTROL
campo de control ES-MaACL
005 - FECHA Y HORA DE LA ÚLTIMA TRANSACCIÓN
campo de control 20250925063048.0
008 - DATOS DE LONGITUD FIJA--INFORMACIÓN GENERAL
campo de control de longitud fija 101227s1956 sp |||| | cat d
080 ## - NÚMERO DE LA CLASIFICACIÓN DECIMAL UNIVERSAL
Número de la Clasificación Decimal Universal 94(460.23)"14"
100 1# - ENTRADA PRINCIPAL--NOMBRE DE PERSONA
Nombre de persona Vicens Vives, Jaime,
Fechas asociadas al nombre 1910-1960
9 (RLIN) 114319
245 14 - MENCIÓN DEL TÍTULO
Título Els trastàmares
Resto del título : el segle XV /
Mención de responsabilidad, etc. per J. Vicens i Vives.
250 ## - MENCION DE EDICION
Mención de edición 1ª ed.
260 ## - PUBLICACIÓN, DISTRIBUCIÓN, ETC.
Lugar de publicación, distribución, etc. Barcelona :
Nombre del editor, distribuidor, etc. Teide,
Fecha de publicación, distribución, etc. imp. 1956.
300 ## - DESCRIPCIÓN FÍSICA
Extensión 253 p. :
Otras características físicas il. bl. y n. ;
Dimensiones 21 cm.
490 1# - MENCIÓN DE SERIE
Mención de serie Biografies catalanes. Sèrie històrica ;
Designación de volumen o secuencia 8
500 ## - NOTA GENERAL
Nota general Índice.
546 ## - NOTA DE IDIOMA
Nota de lengua/lenguaje Texto en catalán.
651 #4 - PUNTO DE ACCESO ADICIONAL DE MATERIA--NOMBRE GEOGRÁFICO
Nombre geográfico Cataluña-
Subdivisión general Historia-
Subdivisión cronológica S.XV.
9 (RLIN) 140689
830 0# - PUNTO DE ACCESO ADICIONAL DE SERIE-TÍTULO UNIFORME
Título uniforme Biografies catalanes. Sèrie històrica ;
Designación de volumen o secuencia 8
9 (RLIN) 189987
852 ## - LOCALIZACIÓN
Ubicación ES-MaACL
Número de control de estantería E-13891
Encuadernación Olim P-890
Holdings
Estatus retirado Estado de pérdida Estado de daño No para préstamo Biblioteca de origen Biblioteca actual Ubicación en estantería Fecha de adquisición Fuente de adquisición Total de préstamos Signatura topográfica completa Código de barras Visto por última vez Precio de reemplazo Tipo de ítem Koha
        Biblioteca del Ateneo de Madrid Biblioteca del Ateneo de Madrid Depósito 2 27/12/2010     E-13891 1185072 23/02/2023 23/02/2023 Libro impreso